000 01482nam a2200349 a 4500
999 _c10969
_d10969
001 10969
003 BD-JhCC
005 20190709105316.0
008 190609t20152015dcua j 001 0 eng d
020 _a9781426320965
020 _a1426320965
020 _a9781426320972
020 _a1426320973
020 _a9788192088822
035 _a(Bd-JhCC)10969
040 _aYDXCP
_cYDXCP
_erda
_dBTCTA
_dOCLCQ
_dCLE
_dOCLCO
_dCPG
_dIMF
_dCGP
_dNYP
_dOQX
_dON8
_dBDX
_dOCLCF
_dOCLCO
_dIK2
_dEHH
_dDLC
_dBD-JhCC
041 _aeng
082 _a031.02
_bBOY 2015
100 1 _aBoyer, Crispin
245 1 0 _aWhy? :
_banswers to everything /
_cCrispin Boyer.
300 _a223 pages :
_billustrations (chiefly color) ;
_c31 cm
490 _aNational Geographic Kids
500 _aSubtitle from cover.
500 _a"National Geographic Kids"--Cover.
500 _aIncludes index.
505 0 _aWhy me? -- Why on Earth? -- Why in the sky? -- Why, where & when? -- Why-fi -- Wild whys -- The whys of our lives.
520 _aWith hundreds of topics ranging from silly to serious, this book's got the information kids need in a fun and entertaining format that will keep them digging for answers. Includes all kinds of fascinating extra info like top ten lists, weird-but-true facts, explorer profiles, and cool activities.
650 0 _aCuriosities and wonders
_vJuvenile literature.
650 7 _aCuriosities and wonders.
655 7 _aJuvenile works.
_2fast
942 _2ddc
_cREF